000 01948nam0a2200349 i 4500
001 RU\NLR\BIBL_A\011314434
005 20260406052009.0
010 _a9785906818720
_bКурс
010 _a978-5-16-011887-1
_bИНФРА-М
_9500
021 _aRU
_b2016-100626
_96697
035 _a(NLR Aleph) 011314434
090 _a11039235
_c11039235
100 _a20170123d2017 u y0rusy50 ca
101 0 _arus
102 _aRU
105 _a z 000zy
200 1 _aДискретная математика
_eсборник задач
_eучебник
_e[по специальностям 09.02.01 "Компьютерные системы и комплексы", 09.02.05 "Прикладная информатика (по отраслям)", 09.03.03 "Прикладная информатика"]
_fА.И. Гусева, В.С. Киреев, А.Н. Тихомирова
_g[Курс]
210 _aМосква
_cКурс
_cИнфра-М
_d2017
_d[т.е. 2016]
215 _a223 с.
_cил.
_d22
225 1 _aСреднее профессиональное образование
300 _aНа 4-й с. обл. авт.: Гусева А.М., д.т.н., проф., В.С. Киреев, А.Н. Тихомирова, кандидаты техн. наук, доценты
300 _aКн. фактически изд. в 2016 г.
320 _aБиблиогр.: с. 221 (16 назв.)
606 1 _aДискретная математика
_jЗадачники
_9980777
_3RU\NLR\AUTH\66369221
686 1 _aВ151.3я723-4
700 1 _7ca
_8rus
_aГусева
_bА. И.
_cд-р техн. наук
_gАнна Ивановна
_9117047
_3RU\NLR\AUTH\777108
701 1 _aКиреев
_bВ. С.
_gВасилий Сергеевич
701 1 _7ca
_8rus
_aТихомирова
_bА. Н.
_cканд. техн. наук
_gАнна Николаевна
_972245
_3RU\NLR\AUTH\7789317
942 _cBOOK
980 _aNBR